000
00319 a2200145 4500
003
Nust
005
20170207163754.0
040
_c
Nust
082
_a
050
100
_a
Maryam Khalid
245
_a
MONTHLY NUST NEWS (August 2013)
250
_a
Volume IV / Issue VIII
260
_a
Pakistan
_b
NUST
_c
August 2013
300
_a
25 p
942
_c
MAGS
999
_c
208093
_d
208093